Normal view
MARC view
Entry Topical Term
001 - CONTROL NUMBER
- control field: 352575
003 - CONTROL NUMBER IDENTIFIER
- control field:
005 - DATE AND TIME OF LATEST TRANSACTION
- control field: 20210602110534.0
008 - FIXED-LENGTH DATA ELEMENTS
- fixed length control field: 210602|| aca||aabn | a|a d
040 ## - CATALOGING SOURCE
- Original cataloging agency:
- Transcribing agency:
150 ## - HEADING--TOPICAL TERM
- Topical term or geographic name entry element: Green Revolution
- Geographic subdivision: India
- Geographic subdivision: Jammu and Kashmir
670 ## - SOURCE DATA FOUND
- Source citation: Work cat.: (): Sadhu, A. N. 49992, New agricultural strategy, its implications /, c1980
